[Event "Vojvodina-ch 2nd"]
[Site "Novi Sad"]
[Date "2011.07.28"]
[Round "7"]
[White "Skrivanko, Tomislav"]
[Black "Lukovic, Vladimir"]
[Result "0-1"]
[WhiteElo "1918"]
[BlackElo "2225"]
[PlyCount "76"]
[EventDate "2011.07.24"]
[EventType "swiss"]
[EventRounds "9"]
[EventCountry "SRB"]
[SourceTitle "CBM 143 Extra"]
[Source "ChessBase"]
[SourceDate "2011.08.29"]
[SourceVersion "1"]
[SourceVersionDate "2011.08.29"]
[SourceQuality "1"]

1. e4 e5 2. Nf3 Nc6 3. Bb5 a6 4. Ba4 Nf6 5. 0-0 Be7 6. Re1 b5 7. Bb3 d6 8. c3 0-0 9. d4 Bg4 10. d5 Na5 11. Bc2 c6 12. b4 Nc4 13. Na3 cxd5 14. exd5 Nb6 15. h3 Bxf3 16. Qxf3 Nbxd5 17. Qg3 g6 18. Bh6 Re8 19. Rad1 Qc7 20. Nb1 Nf4 21. Qf3 Ne6 22. Qg3 Bf8 23. Bxf8 Kxf8 24. Qh4 Kg7 25. g4 h6 26. Qg3 Nf4 27. Nd2 d5 28. Bb1 e4 29. Nb3 Nh7 30. Nd4 Ng5 31. h4 Nge6 32. Kh2 Nxd4 33. cxd4 g5 34. h5 Rac8 35. Rc1 Qxc1 36. Rxc1 Rxc1 37. Qb3 Rec8 38. a3 R8c3 0-1